| 000 | 00709nam a22002777a 4500 | ||
|---|---|---|---|
| 001 | 28449 | ||
| 003 | UA-OsUOA | ||
| 005 | 20210103225124.0 | ||
| 007 | ta | ||
| 008 | 20050325b un ||||| |||| 00| 0 ukr d | ||
| 020 | _a9660103204 | ||
| 040 |
_aUA-OsUOA _bukr _cUA-OsUOA _dUA-OsUOA |
||
| 041 | _aukr | ||
| 044 | _aUA | ||
| 080 | _a821.161.2 | ||
| 090 |
_a821.161.2 _bВ46 |
||
| 100 | _aВільде І. | ||
| 245 |
_aСестри Річинські _bроман _nкн. 1 |
||
| 260 |
_aК. _bУкраїна _c2004 |
||
| 300 | _a696 с. | ||
| 650 | 7 | _2821.161.2 | |
| 650 | 7 | _2821.161.2 | |
| 942 |
_cBK _2udc |
||
| 955 | _a3 | ||
| 999 |
_c314816 _d314816 |
||